000 00389nas a2200169 a 4500
001 160807
003 255741
005 20201118123655.0
008 180827e2018 ck ||||||||| 000 0 spa d
041 _aspa
245 0 _aSemana - No.1894 (19-26 agos. 2018)
260 _aBogotá :
_c2018.
562 _e12
773 _016112
_aSemana
942 _cSISS
999 _c160807
_d160807